00478nam a2200145Ia 4500001001000000003000500010008004100015010001100056040000900067110004300076245008600119260003100205300002100236650007500257Para_2911CHAP220125s1987 xx 000 0 und d a199574 cCHAP aBayer de México. División Agricola aVolaton :b contra plagas del suelo y gusano cogollero /c por Bayer de México aMéxico, D. F. :b Bayer ahoja desplegable aPesticidas Insecticidas Control de plagas Gusano cogollero del maiz